000 00506cam a22002171 4500
001 sa 67006257
003 DLC
005 20260227112405.0
008 890714s1966 ii 000 1 hino
010 _asa 67006257
035 _a(OCoLC)20009996
040 _aDLC
_cWaU
_dDLC
042 _apremarc
050 0 0 _aPK2098.15.R5
_bM6
100 0 _aBrij Bhushan,
_d1933-
245 1 0 _aMorce para.
260 _c[1967 i.e. 1966]
300 _a275 p.
_c19 cm.
500 _aIn Hindi.
500 _aA novel.
999 _c75806
_d75806